| 000 | nam a22 7a 4500 | ||
|---|---|---|---|
| 999 |
_c29350 _d29350 |
||
| 008 | 171205b xxu||||| |||| 00| 0 eng d | ||
| 050 | _aAFR PR 9381.9 .G4M9 | ||
| 100 | _aGenda, Idowu. | ||
| 245 |
_aMy Heart On Trial / _cIdowu, Genda |
||
| 250 | _a1st ed | ||
| 260 |
_aKenya: _bEast African Educational Publishers, _c2012. |
||
| 300 |
_a182p. _c20cm |
||
| 650 | _aLiterature | ||
| 942 |
_2lcc _cAFRICANA _hAFR PR 9381.9 .G4M9 2012 _02 |
||